[Event "Galatasaray Blitz Chess Tournament"]
[Site "Istanbul"]
[Date "2019.03.24"]
[Round "18.4"]
[White "Tuncer, Tuna"]
[Black "Aghamaliyev, Cemil"]
[Result "1/2-1/2"]
[WhiteElo "2371"]
[BlackElo "2493"]
[Annotator "TA"]
[PlyCount "121"]
[EventDate "2019.03.24"]
[EventType "swiss"]
[EventCountry "TUR"]
[SourceTitle "playchess.com"]
[Source "ChessBase"]
[SourceQuality "1"]

{[%evp 14,121,11,17,21,22,22,28,21,18,41,27,50,30,35,42,43,0,0,3,11,10,43,50,57,46,45,23,56,60,75,66,104,90,82,44,131,98,127,110,100,77,85,83,86,87,83,86,102,109,124,114,144,151,140,141,612,118,116,140,128,69,108,108,116,116,116,0,109,85,100,8,8,0,161,161,117,157,185,0,73,73,73,0,0,0,80,0,0,0,0,0,66,0,0,0,66,0,72,0,0,0,79,0,0,0,66,0,0,0]} 1. e4 e5 2. Nf3 Nc6 3. d4 exd4 4. Nxd4 Qf6 5. Nf3 Bb4+ 6. c3 {C45: Scotch Game} Bc5 7. Be2 d6 8. O-O {LiveBook: 4 Games} Nge7 9. Bg5 Qg6 10. b4 Bb6 11. Bh4 a6 $146 ({Predecessor:} 11... Bh3 12. Bg3 Be6 13. Nbd2 {½-½ (25) Xiong,J (2674)-Gareyev,T (2617) Burlingame 2017}) 12. Nbd2 O-O 13. a4 Bh3 {[%csl Gh3][%cal Rg6g2]} 14. Bg3 Be6 15. b5 axb5 16. axb5 Rxa1 17. Qxa1 Na5 18. Bd3 Qh5 19. Nd4 Bd7 20. N2f3 Kh8 21. Qb2 f5 22. e5 $1 {[%cal Re5d6]} Bxd4 23. cxd4 f4 24. Bh4 Nf5 (24... Ng6 $1 $14) 25. Bxf5 Bxf5 26. exd6 cxd6 27. Be7 Re8 28. Bxd6 Be4 {aiming for ...Nc4.} 29. Qc3 $1 $36 {[%mdl 2048] White is in control.} Qxb5 30. Bxf4 Bc6 31. Ne5 Qd5 {[%csl Gc6][%cal Rd5g2]} 32. f3 h6 33. Rb1 {Hoping for Kh1.} Rd8 34. Be3 Rc8 $2 {[%mdl 8192]} (34... Be8 $16 35. Qc7 Rd6) 35. Qd3 $2 (35. Ng6+ $18 Kh7 36. Ne7) 35... Be8 $16 36. Qf5 Rd8 37. Ng6+ (37. Qf8+ $16 Kh7 38. Rb6) 37... Bxg6 38. Qxg6 Nc4 39. Bf2 b5 40. Qa6 (40. h4 $16) 40... Nd6 (40... Ra8 $11 41. Qg6 Rb8) 41. Qb6 Rc8 42. Bg3 (42. h4 $16) 42... Nf5 $11 43. Be5 ({Don't blunder} 43. Rxb5 $2 Rc1+ 44. Be1 Rxe1+ 45. Kf2 Re2+ $1 {[%mdl 512]} 46. Kxe2 Nxd4+ 47. Kf2 Nxb5 $19) 43... Kh7 $2 (43... Qa2 $1 $11 {and Black is okay.} 44. Qxb5 Qd2 45. Bxg7+ Nxg7) 44. h3 $18 Rc2 {( -> ...Nh4)} 45. Qxb5 Qa2 46. Qf1 $2 (46. g4 $1 $18 {[%cal Rg4f5]} Rg2+ 47. Kh1) 46... Re2 (46... Rxg2+ $11 47. Qxg2 Qxb1+ 48. Qf1 Qb3) 47. Re1 $1 $16 Rd2 48. Rd1 (48. Bf4 $16 Rxd4 49. Bc1) 48... Re2 (48... Ne3 $11 49. Rxd2 Qxd2) 49. Re1 Rd2 50. Rd1 (50. Bf4 $16 Rxd4 51. Bc1) 50... Re2 $11 {Threatens to win with ...Ne3.} 51. Ra1 Qd2 {Strongly threatening ...Ne3.} 52. Rd1 Qc2 (52... Qa2 $11 53. Re1) 53. Rc1 (53. Re1 $14 Rd2 54. Kh1) 53... Qd2 {And now ...Ne3 would win.} 54. Rd1 Qc2 (54... Qa2 $11 55. Re1) 55. Rc1 (55. Re1 $14 Rd2 56. Kh1) 55... Qb2 {[#]} (55... Qd2 $11 56. Rd1) 56. Rb1 (56. Re1 $1 $16 Rd2 57. Kh1) 56... Qd2 {White must now prevent ...Ne3.} 57. Rd1 Qb2 {[#]} (57... Qc2 $11 {remains equal.} 58. Re1 Rd2) 58. Rb1 (58. Re1 $1 $16 Rd2 59. Kh1) 58... Qd2 59. Rd1 Qc2 (59... Qa2 $11 60. Re1) 60. Rc1 (60. Re1 $14 Rd2 61. Kh1) 60... Qd2 {...Ne3 is the strong threat.} 61. Rd1 {Precision: White = 48%, Black = 46%.} 1/2-1/2

[Event "Galatasaray Blitz Chess Tournament"]
[Site "Istanbul"]
[Date "2019.03.24"]
[Round "18.5"]
[White "Gulbas, Cemil"]
[Black "Ozturk, Kubra"]
[Result "0-1"]
[WhiteElo "2404"]
[BlackElo "2344"]
[Annotator "NA"]
[PlyCount "76"]
[EventDate "2019.03.24"]
[EventType "swiss"]
[EventCountry "TUR"]
[SourceTitle "playchess.com"]
[Source "ChessBase"]
[SourceQuality "1"]
[TimeControl "180+2"]

1. e4 {[%emt 0:00:00]} e5 {[%emt 0:00:00]} 2. Nf3 {[%emt 0:00:00]} Nc6 {[%emt 0:00:00]} 3. Bc4 {[%emt 0:00:03]} Bc5 {[%emt 0:00:02]} 4. c3 {[%emt 0:00:00]} Nf6 {[%emt 0:00:00]} 5. d3 {[%emt 0:00:00]} O-O {[%emt 0:00:07]} 6. Bb3 {[%emt 0:00:07]} h6 {[%emt 0:00:34]} 7. Nbd2 {[%emt 0:00:21]} d6 {[%emt 0:00:06]} 8. h3 {[%emt 0:00:04]} Nh5 {[%emt 0:00:23]} 9. Nf1 {[%emt 0:00:30]} Qf6 {[%emt 0:00:15]} 10. g3 {[%emt 0:00:20]} Be6 {[%emt 0:00:16]} 11. Be3 {[%emt 0:00:23]} Rad8 {[%emt 0:00:31]} 12. Nh4 {[%emt 0:00:26]} g6 {[%emt 0:00:12]} 13. Qe2 {[%emt 0:00:07]} Kh7 {[%emt 0:00:10]} 14. O-O-O {[%emt 0:00:05]} a5 {[%emt 0:00:17]} 15. Kb1 {[%emt 0:00:11]} b5 {[%emt 0:00:06]} 16. Bxc5 {[%emt 0:00:15]} dxc5 {[%emt 0:00:01]} 17. Ne3 {[%emt 0:00:01]} a4 {[%emt 0:00:09]} 18. Bxe6 {[%emt 0:00:17]} Qxe6 {[%emt 0:00:02]} 19. Nhg2 {[%emt 0:00:19]} b4 {[%emt 0:00:05]} 20. f4 {[%emt 0:00:05]} bxc3 {[%emt 0:00:07]} 21. f5 {[%emt 0:00:04]} Qe7 {[%emt 0:00:15]} 22. bxc3 {[%emt 0:00:01]} Nxg3 {[%emt 0:00:00]} 23. Qe1 {[%emt 0:00:03]} Nxh1 {[%emt 0:00:01]} 24. Qxh1 {[%emt 0:00:00]} Rb8+ {[%emt 0:00:03]} 25. Ka1 {[%emt 0:00:00]} a3 {[%emt 0:00:02]} 26. Nc4 {[%emt 0:00:02]} Rb7 {[%emt 0:00:04]} 27. Nge3 {[%emt 0:00:01]} Rfb8 {[%emt 0:00:01]} 28. fxg6+ {[%emt 0:00:02]} fxg6 {[%emt 0:00:01]} 29. Qg2 {[%emt 0:00:02]} Qg5 {[%emt 0:00:01]} 30. Qf2 {[%emt 0:00:01]} Qf4 {[%emt 0:00:02]} 31. Qg2 {[%emt 0:00:02]} Rb2 {[%emt 0:00:01]} 32. Qg1 {[%emt 0:00:02]} Rf2 {[%emt 0:00:04]} 33. Nd5 {[%emt 0:00:03]} Qh2 {[%emt 0:00:02]} 34. Qxh2 {[%emt 0:00:03]} Rxh2 {[%emt 0:00:02]} 35. Nxa3 {[%emt 0:00:02]} Ra8 {[%emt 0:00:02]} 36. Nc4 {[%emt 0:00:02]} Raxa2+ {[%emt 0:00:00]} 37. Kb1 {[%emt 0:00:01]} Na5 {[%emt 0:00:04]} 38. Nxe5 {[%emt 0:00:02]} Rab2+ {[%emt 0:00:01]} 0-1